Toutes les caisses de Counter Strike - Statistiques

Statistiques générales
  • Ce quiz a été pris 25 fois
  • Le résultat moyen est 18 sur 42
Statistiques - réponses
Par images Réponse % Correct
Caisse d'arme de l'Opération Hydra
75%
Caisse d'arme de l'Opération Vanguard
75%
Caisse d'arme de l'Opération Breakout
70%
Caisse d'arme de l'Opération Phoenix
65%
Caisse d'arme Wildfire
65%
Caisse d'armes Zone de Danger
60%
Caisse de l'opération Bravo
60%
Caisse Kilowatt
60%
Caisse rêves et cauchemars
60%
Caisse Prisma
55%
Caisse d'arme Gamma
50%
Caisse d'arme Revolver
50%
Caisse de Gants
50%
Caisse Révolution
50%
Caisse d'arme Fauchon
45%
Caisse d'arme Gamma N°2
45%
Caisse d'arme Saturation
45%
Caisse d'arme Saturation N°2
45%
Caisse de l'Opération BrokenFang
45%
Caisse de l'Opération Riptide
45%
Caisse Fracture
45%
Caisse hivernale eSports 2013
45%
Caisse Prisma 2
45%
Caisse d'arme Saturation N°3
40%
Caisse Recul du Serpent
40%
Caisse CS20
35%
Caisse d'arme Envenimée
35%
Caisse d'arme Sombre
35%
Caisse du Dernier Survivant
35%
Caisse Fièvre
35%
Caisse Shattered Web
35%
Caisse Spectrale
35%
Caisse eSports 2013
30%
Caisse Spectrale 2
30%
Caisse d'arme Chasseur
25%
Caisse d'arme CS:GO
25%
Caisse d'arme CS:GO N°2
25%
Caisse d'arme CS:GO N°3
25%
Caisse de Galerie
25%
Caisse estivale eSports 2014
25%
Caisse Horizon
25%
Caisse d'arme Winter Offensive
15%
Aucun quiz correspondant
Distribution des résultats
% des personnes avec chaque résultat
Percentile par nombre de réponses
Votre historique - résultats
Vous n’avez pas pris ce quiz